<?xml version="1.0" encoding="UTF-8"?>
<record
    xmlns:xsi="http://www.w3.org/2001/XMLSchema-instance"
    xsi:schemaLocation="http://www.loc.gov/MARC21/slim http://www.loc.gov/standards/marcxml/schema/MARC21slim.xsd"
    xmlns="http://www.loc.gov/MARC21/slim">

  <leader>01646nam0a2200325   4500</leader>
  <controlfield tag="001">RU\NLR\bibl\845679</controlfield>
  <controlfield tag="005">20260406071723.0</controlfield>
  <datafield tag="010" ind1=" " ind2=" ">
    <subfield code="a">5-469-00246-2</subfield>
    <subfield code="9">3500</subfield>
  </datafield>
  <datafield tag="021" ind1=" " ind2=" ">
    <subfield code="a">RU</subfield>
    <subfield code="b">2005-52676</subfield>
    <subfield code="9">2569</subfield>
  </datafield>
  <datafield tag="035" ind1=" " ind2=" ">
    <subfield code="a">(NLR Aleph) 000834461</subfield>
  </datafield>
  <datafield tag="090" ind1=" " ind2=" ">
    <subfield code="a">1381396</subfield>
    <subfield code="c">1381396</subfield>
  </datafield>
  <datafield tag="100" ind1=" " ind2=" ">
    <subfield code="a">20050928d2005    |||y0rusy50      ca</subfield>
  </datafield>
  <datafield tag="101" ind1="0" ind2=" ">
    <subfield code="a">rus</subfield>
  </datafield>
  <datafield tag="102" ind1=" " ind2=" ">
    <subfield code="a">RU</subfield>
  </datafield>
  <datafield tag="105" ind1=" " ind2=" ">
    <subfield code="a">y   |||||||||</subfield>
  </datafield>
  <datafield tag="200" ind1="1" ind2=" ">
    <subfield code="a">&#x41E;&#x440;&#x433;&#x430;&#x43D;&#x438;&#x437;&#x430;&#x446;&#x438;&#x44F; &#x43F;&#x440;&#x435;&#x434;&#x43F;&#x440;&#x438;&#x43D;&#x438;&#x43C;&#x430;&#x442;&#x435;&#x43B;&#x44C;&#x441;&#x43A;&#x43E;&#x439; &#x434;&#x435;&#x44F;&#x442;&#x435;&#x43B;&#x44C;&#x43D;&#x43E;&#x441;&#x442;&#x438;</subfield>
    <subfield code="e">&#x443;&#x447;&#x435;&#x431;&#x43D;&#x438;&#x43A; &#x434;&#x43B;&#x44F; &#x441;&#x442;&#x443;&#x434;&#x435;&#x43D;&#x442;&#x43E;&#x432; &#x432;&#x443;&#x437;&#x43E;&#x432;, &#x43E;&#x431;&#x443;&#x447;&#x430;&#x44E;&#x449;&#x438;&#x445;&#x441;&#x44F; &#x43F;&#x43E; &#x441;&#x43F;&#x435;&#x446;&#x438;&#x430;&#x43B;&#x44C;&#x43D;&#x43E;&#x441;&#x442;&#x438; 060800 "&#x42D;&#x43A;&#x43E;&#x43D;&#x43E;&#x43C;&#x438;&#x43A;&#x430; &#x438; &#x443;&#x43F;&#x440;&#x430;&#x432;&#x43B;&#x435;&#x43D;&#x438;&#x435; &#x43D;&#x430; &#x43F;&#x440;&#x435;&#x434;&#x43F;&#x440;&#x438;&#x44F;&#x442;&#x438;&#x438; (&#x43F;&#x43E; &#x43E;&#x442;&#x440;&#x430;&#x441;&#x43B;&#x44F;&#x43C;)"</subfield>
    <subfield code="f">&#x410;.&#x41D;. &#x410;&#x441;&#x430;&#x443;&#x43B;</subfield>
  </datafield>
  <datafield tag="210" ind1=" " ind2=" ">
    <subfield code="a">&#x421;&#x430;&#x43D;&#x43A;&#x442;-&#x41F;&#x435;&#x442;&#x435;&#x440;&#x431;&#x443;&#x440;&#x433; [&#x438; &#x434;&#x440;.]</subfield>
    <subfield code="c">&#x41F;&#x438;&#x442;&#x435;&#x440;</subfield>
    <subfield code="d">2005</subfield>
  </datafield>
  <datafield tag="215" ind1=" " ind2=" ">
    <subfield code="a">367, [1] c.</subfield>
    <subfield code="d">24</subfield>
  </datafield>
  <datafield tag="225" ind1="1" ind2=" ">
    <subfield code="a">&#x423;&#x447;&#x435;&#x431;&#x43D;&#x438;&#x43A; &#x434;&#x43B;&#x44F; &#x432;&#x443;&#x437;&#x43E;&#x432;</subfield>
  </datafield>
  <datafield tag="225" ind1="1" ind2=" ">
    <subfield code="a">&#x418;&#x437;&#x434;&#x430;&#x442;&#x435;&#x43B;&#x44C;&#x441;&#x43A;&#x430;&#x44F; &#x43F;&#x440;&#x43E;&#x433;&#x440;&#x430;&#x43C;&#x43C;&#x430; "300 &#x43B;&#x443;&#x447;&#x448;&#x438;&#x445; &#x443;&#x447;&#x435;&#x431;&#x43D;&#x438;&#x43A;&#x43E;&#x432; &#x434;&#x43B;&#x44F; &#x432;&#x44B;&#x448;&#x435;&#x439; &#x448;&#x43A;&#x43E;&#x43B;&#x44B; &#x432; &#x447;&#x435;&#x441;&#x442;&#x44C; 300-&#x43B;&#x435;&#x442;&#x438;&#x44F; &#x421;&#x430;&#x43D;&#x43A;&#x442;-&#x41F;&#x435;&#x442;&#x435;&#x440;&#x431;&#x443;&#x440;&#x433;&#x430;"</subfield>
  </datafield>
  <datafield tag="320" ind1=" " ind2=" ">
    <subfield code="a">&#x411;&#x438;&#x431;&#x43B;&#x438;&#x43E;&#x433;&#x440;. &#x432; &#x43A;&#x43E;&#x43D;&#x446;&#x435; &#x433;&#x43B;.</subfield>
  </datafield>
  <datafield tag="606" ind1="1" ind2=" ">
    <subfield code="a">&#x41F;&#x440;&#x435;&#x434;&#x43F;&#x440;&#x438;&#x43D;&#x438;&#x43C;&#x430;&#x442;&#x435;&#x43B;&#x44C;&#x441;&#x442;&#x432;&#x43E;</subfield>
    <subfield code="j">&#x423;&#x447;&#x435;&#x431;&#x43D;&#x438;&#x43A;&#x438; &#x434;&#x43B;&#x44F; &#x432;&#x44B;&#x441;&#x448;&#x438;&#x445; &#x443;&#x447;&#x435;&#x431;&#x43D;&#x44B;&#x445; &#x437;&#x430;&#x432;&#x435;&#x434;&#x435;&#x43D;&#x438;&#x439;</subfield>
    <subfield code="y">&#x420;&#x43E;&#x441;&#x441;&#x438;&#x439;&#x441;&#x43A;&#x430;&#x44F; &#x424;&#x435;&#x434;&#x435;&#x440;&#x430;&#x446;&#x438;&#x44F;</subfield>
    <subfield code="9">2073455</subfield>
    <subfield code="3">RU\NLR\auth\661248355</subfield>
  </datafield>
  <datafield tag="686" ind1=" " ind2=" ">
    <subfield code="a">&#x425;623.012.09&#x44F;73</subfield>
  </datafield>
  <datafield tag="686" ind1=" " ind2=" ">
    <subfield code="a">&#x423;9(2)-13(2&#x420;)&#x44F;73</subfield>
  </datafield>
  <datafield tag="700" ind1=" " ind2="1">
    <subfield code="4">070</subfield>
    <subfield code="8">rus</subfield>
    <subfield code="7">ca</subfield>
    <subfield code="a">&#x410;&#x441;&#x430;&#x443;&#x43B;</subfield>
    <subfield code="b">&#x410;.&#x41D;.</subfield>
    <subfield code="c">&#x434;-&#x440; &#x44D;&#x43A;&#x43E;&#x43D;. &#x43D;&#x430;&#x443;&#x43A;</subfield>
    <subfield code="f">1948-</subfield>
    <subfield code="g">&#x410;&#x43D;&#x430;&#x442;&#x43E;&#x43B;&#x438;&#x439; &#x41D;&#x438;&#x43A;&#x43E;&#x43B;&#x430;&#x435;&#x432;&#x438;&#x447;</subfield>
    <subfield code="3">RU\NLR\auth\7728688</subfield>
    <subfield code="9">11719</subfield>
  </datafield>
  <datafield tag="801" ind1=" " ind2="0">
    <subfield code="a">RU</subfield>
    <subfield code="b">NLR</subfield>
    <subfield code="c">20050928</subfield>
    <subfield code="g">rcr</subfield>
  </datafield>
  <datafield tag="801" ind1=" " ind2="1">
    <subfield code="a">RU</subfield>
    <subfield code="b">NLR</subfield>
    <subfield code="c">20050928</subfield>
  </datafield>
  <datafield tag="942" ind1=" " ind2=" ">
    <subfield code="c">BOOK</subfield>
  </datafield>
  <datafield tag="980" ind1=" " ind2=" ">
    <subfield code="a">NB</subfield>
  </datafield>
  <datafield tag="995" ind1=" " ind2=" ">
    <subfield code="5">2005-09-28</subfield>
    <subfield code="a">ad</subfield>
    <subfield code="b">NLR01</subfield>
    <subfield code="c">NLR01</subfield>
    <subfield code="e">RF3</subfield>
    <subfield code="f">1-341924</subfield>
    <subfield code="k">2005-7/4672</subfield>
    <subfield code="o">0</subfield>
    <subfield code="r">BOOK</subfield>
    <subfield code="s">200574672_</subfield>
  </datafield>
  <datafield tag="995" ind1=" " ind2=" ">
    <subfield code="5">2005-09-28</subfield>
    <subfield code="a">ad</subfield>
    <subfield code="b">NLR01</subfield>
    <subfield code="c">NLR01</subfield>
    <subfield code="e">RF3</subfield>
    <subfield code="f">2001630</subfield>
    <subfield code="k">2005-7/4672</subfield>
    <subfield code="o">0</subfield>
    <subfield code="r">BOOK</subfield>
    <subfield code="s">200574672_</subfield>
  </datafield>
  <datafield tag="995" ind1=" " ind2=" ">
    <subfield code="5">2005-12-20</subfield>
    <subfield code="a">ab</subfield>
    <subfield code="b">NLR01</subfield>
    <subfield code="c">NLR01</subfield>
    <subfield code="e">OZ1</subfield>
    <subfield code="f">1-371021</subfield>
    <subfield code="k">&#x421;1 &#x423;9(2)-13/&#x410;-900</subfield>
    <subfield code="o">0</subfield>
    <subfield code="p">0.00</subfield>
    <subfield code="r">BOOK</subfield>
    <subfield code="s">1_9213900</subfield>
  </datafield>
  <datafield tag="995" ind1=" " ind2=" ">
    <subfield code="5">2006-03-15</subfield>
    <subfield code="a">aa</subfield>
    <subfield code="b">NLR02</subfield>
    <subfield code="c">NLR02</subfield>
    <subfield code="e">NZ1</subfield>
    <subfield code="f">1-185613</subfield>
    <subfield code="k">&#x421;2  &#x425;623.012.09/&#x410;-900</subfield>
    <subfield code="o">0</subfield>
    <subfield code="p">166.10</subfield>
    <subfield code="r">BOOK</subfield>
    <subfield code="s">2_62301209900</subfield>
  </datafield>
</record>
